000 00331nam a2200133 i 4500
001 bg
100 1 _aYAKOWITZ, Sidney J.
245 0 _aMathematics of adoptve control processes /
_cSidney J. Yakowitz.
260 _aNew York,
_c1969.
040 _cBPK
041 _apol
942 _cKS
008 s pl f |000 0 pol
999 _c13781
_d13781
856 _uhttp://koha.tu.koszalin.pl/cgi-bin/koha/opac-detail.pl?biblionumber=13781
_yKatalog online BPK